000 00957nas1a22002411i 4500
001 RU\NLR\INFOCOMM10\1000256922
005 20240726004706.0
035 _a(NLR Aleph) 002569364
090 _a3175354
_c3175354
100 _a20040528c1935 |||y0rusy50 ca
101 0 _arus
102 _aRU
110 _aayu||||0|y0
200 1 _aОбзор газет участников областного конкурса печати на лучшее проведение похода имени Т, Кагановича за высокий урожай
_fЗа коллективизацию. Орган Моск. обкома ВКП(б) и Мособлисполкома
210 _aМ.
_d1935
712 0 2 _aВКП(б)
_bМосковский областной комитет
_4570
801 1 _aRU
_bInfoComm
_c20040528
801 0 _aRU
_bNLR
_gPSBO
852 _aNLR
_jП23/162
942 _cJOURNAL
980 _aRUSPER